000 00944nam a22003137a 4500
001 0030483
003 KOHA_MİRAKIL
005 20260207002730.0
007 ta
008 110617b1972 tu |||gr||||#0|||e|tur |
020 _c1,5
040 _aTR-BiSEU
_btur
_cTR-BiSEU
_erda
041 0 _atur
044 _ctu
050 _aPL243.B35
_bD46 1972
100 1 _aBalcıoğlu, A.Rahim.
245 1 _aDemirperde'yi aralıyorum: inceleme - röportaj/
_cA.Rahim Balcıoğlu ; A. Rahim Balcıoğlu.
264 1 _aİstanbul :
_bŞamil Yayınevi
_c1972
300 _a125 sayfa ;
_c20 cm.
336 _ametin
_btxt
_2rdacontent
337 _aaracısız
_bn
_2rdamedia
338 _acilt
_bnc
_2rdacarrier
490 0 _aŞamil yayınları: 11
650 0 _aTürk edebiyatı--Röportajlar.
_956243
650 0 _aTürk edebiyatı--Gezi ve inceleme.
_960008
830 0 _aŞamil yayınları: 11
_960009
907 _aDeneme
942 _2lcc
_cBK
999 _c30403
_d30403